Equívocos y falacias en la interpretación de estadísticas. /
Guardado en:
| Autor Principal: | |
|---|---|
| Formato: | Libro |
| Publicado: |
Mexico :
Limusa,
1981
|
| Materias: | |
| Etiquetas: |
Agregar Etiqueta
Sin Etiquetas, Sea el primero en etiquetar este registro!
|
| LEADER | 01119nam a22001695a 4500 | ||
|---|---|---|---|
| 001 | CEM.cems001371 | ||
| 005 | 20060214000000.0 | ||
| 008 | 130507s1981##################000#0#####d | ||
| 003 | CEMS | ||
| 082 | 0 | 4 | |a 310 |
| 100 | 1 | |a Campbell, Stephen K | |
| 245 | 1 | 0 | |a Equívocos y falacias en la interpretación de estadísticas. / |c Stephen K Campbell |
| 260 | |a Mexico : |b Limusa, |c 1981 | ||
| 300 | |a 246 p. | ||
| 505 | 0 | |a Objeto y método de la sociología; Reseña histórica; Socioloia, psicología e historia; Sociología, etnologíia y etnografía; Investigación sociológica; Grupos particulares y clases sociales; Estructura social; Sociología geográfica; Sociología rural, industrial y urbana; Demografía social; Sociología de las ciudades; Sociología de las regiones subdesarrolladas; Economía política y sociología; Socioloia económica; Fluctuaciones económicas y fenómenos sociales; Sociología de las técnicas de producción y del trabajo, sindicalismo, autogestión obrera, conflictos de trabajo; Industria y sociedad | |
| 653 | |a Estadistica-falacias | ||
| 859 | |a CEMS |b BIB. CEMS - 11 de abril |h 310 |i C153 |p 14328.86 |t Ej.1 | ||
